Vista normal Vista MARC

Entrada Uniform Title

Número de registros utilizados en: 3

001 - CONTROL NUMBER

  • control field: 17570

003 - CONTROL NUMBER IDENTIFIER

  • control field: OSt

005 - DATE AND TIME OF LATEST TRANSACTION

  • control field: 20210310221319.0

008 - FIXED-LENGTH DATA ELEMENTS

  • fixed length control field: 210310|| aca||aabn | a|a d

040 ## - CATALOGING SOURCE

  • Original cataloging agency: OSt
  • Transcribing agency: OSt

130 ## - HEADING--UNIFORM TITLE

  • Uniform title: #N/A

670 ## - SOURCE DATA FOUND

  • Source citation: Work cat.: (OSt): Asociancion Nacional de Instituciones Financieras, Federacion Nacional de Desarrollo 17569, Prevision macroeconomica y sectorial , 1993